Statistics for Countries with the Most Timezones

Click here to take the quiz!

General Stats

  • This quiz has been taken 65 times
  • The average score is 16 of 23

Answer Stats

TimezonesCountry% Correct
11Russia
100%
11United States
100%
9United Kingdom
96%
9Australia
95%
4Brazil
95%
13 (Including Antarctic Claim)France
93%
6Canada
86%
2Spain
82%
3Indonesia
80%
4Mexico
80%
2Portugal
68%
5Denmark
64%
2South Africa
64%
2Democratic Republic of the Congo
63%
2Kingdom of the Netherlands
63%
2Mongolia
63%
5New Zealand
61%
2Kazakhstan
59%
3Kiribati
41%
3Chile
34%
2Federated States of Micronesia
34%
2Ecuador
27%
2Papua New Guinea
23%

Score Distribution

Percentile by Number Answered

Percent of People with Each Score

Your Score History

You have not taken this quiz